Culture, identity, and politics
Αποθηκεύτηκε σε:
| Κύριος συγγραφέας: | |
|---|---|
| Μορφή: | Άγνωστο |
| Γλώσσα: | English |
| Δημοσίευση: |
Cambridge :
Cambridge University Press,
1987.
|
| Θέματα: | |
| Ετικέτες: |
Προσθήκη ετικέτας
Δεν υπάρχουν, Καταχωρήστε ετικέτα πρώτοι!
|
MARC
| LEADER | 00000c a2200000 4500 | ||
|---|---|---|---|
| 001 | 1/74640 | ||
| 008 | 980623s1987 enk|###|||###|||| ||eng|| | ||
| 020 | |a 0521336678 | ||
| 035 | |l 10031881 | ||
| 035 | |a 1995 |b 1 |c Φιοραβάντες | ||
| 035 | |l 10015416 | ||
| 040 | |a GR-MY-UA |b gre |e aacr | ||
| 041 | 0 | |a eng | |
| 082 | 0 | |a 306.2 | |
| 100 | 1 | |a Gellner, Ernest. | |
| 245 | 1 | 0 | |a Culture, identity, and politics / |c Ernest Gellner. |
| 260 | |a Cambridge : |b Cambridge University Press, |c 1987. | ||
| 300 | |a viii, 189 σ. ; |c 22 εκ. | ||
| 504 | |a Περιλαμβάνει βιβλιογραφικές παραπομπές και ευρετήριο. | ||
| 650 | 0 | 0 | |a Political sociology. |
| 650 | 0 | 0 | |a State, The. |
| 650 | 0 | 0 | |a Social change. |
| 852 | |a INST |b LESVOS |e 19960502 |h 306.2 GEL |p 005100010405 |q 005100010405 |t BK |y 0 | ||
| 852 | |a INST |b RHODES |e 19980623 |h 306.2 GEL |p 005400005312 |q 005400005312 |t BK |y 0 | ||